Del protestantismo y de todas las herejías en su relación con el socialismo

Saved in:
Bibliografiske detaljer
Hovedforfatter: Nicolas, Auguste Nicolas, Augusto (autor)
Format: Bog
Sprog:spansk
Udgivet: Valparaíso Imprenta del Comercio 1857
Fag:
Tags: Tilføj Tag
Ingen Tags, Vær først til at tagge denne postø!

MARC

LEADER 00000nam a2200000 a 4500
001 UCI4428
003 CL-VaPUC
008 080118e18570000CL |||||||||||||||||spa|d
082 0 4 |a 280.4  |b NIC  |2 21 
100 |a Nicolas, Auguste  |e autor  |q Nicolas, Augusto  |9 517826 
245 1 0 |a Del protestantismo y de todas las herejías en su relación con el socialismo 
300 |a 571 p 
942 |c BK 
945 |d 20080118 00:00:00  |a rbrito 
260 |a Valparaíso  |b Imprenta del Comercio  |c 1857 
500 |a Donación Padres Capuchinos 
650 0 |a Protestantismo  |9 317293 
650 0 |a Socialismo  |9 255260 
650 0 |a Herejías   |9 356979 
650 0 |a Cristianismo  |9 257361 
583 |a last modification  |c 20080118 00:00:00  |k Rodrigo Vera 
999 |c 328370  |d 328368 
952 |0 0  |1 0  |4 0  |6 280_400000000000000_NIC_1857  |7 0  |8 X  |9 412237  |a FDOBUD  |b FDOBUD  |d 2019-11-22  |i 4402774  |o 280.4 NIC 1857  |p 4402774  |r 2019-11-22  |w 2019-11-22  |y BK_X  |k BUD